| 000 | 02311nam a2200433 i 4500 | ||
|---|---|---|---|
| 001 | ebr10802610 | ||
| 003 | CaPaEBR | ||
| 006 | m o d | ||
| 007 | cr cn||||||||| | ||
| 008 | 130530t20142014enkab ob 001 0 eng|d | ||
| 020 | _z9780754676850 (hardback : alk. paper) | ||
| 020 | _a9781472421579 (e-book) | ||
| 040 |
_aCaPaEBR _beng _erda _epn _cCaPaEBR |
||
| 035 | _a(OCoLC)863824624 | ||
| 043 | _ae-uk-ui | ||
| 050 | 1 | 4 |
_aHV9960.C48 _bM55 2014eb |
| 082 | 0 | 4 | _a364.942341 |
| 100 | 1 | _aMiles, Helen. | |
| 245 | 1 | 0 |
_aReintegrative justice in practice : _bthe informal management of crime in an island community / _cHelen Miles, Peter Raynor. |
| 264 | 1 |
_aFarnham, Surrey : _bAshgate, _c[2014] |
|
| 264 | 4 | _c�2014 | |
| 300 |
_a1 online resource (244 pages) : _billustrations, maps. |
||
| 336 |
_atext _2rdacontent |
||
| 337 |
_acomputer _2rdamedia |
||
| 338 |
_aonline resource _2rdacarrier |
||
| 440 | 0 | _aWelfare and society | |
| 504 | _aIncludes bibliographical references and index. | ||
| 505 | 0 | _aIntroduction -- The origins and history of Jersey's honorary police -- Research strategy and methods -- The Parish Hall enquiry -- Compliance with guidelines, and available figures for the Parish Hall enquiry process -- Components of effective practice in community-based justice -- Community-based systems of justice -- Restorative justice in Jersey : repair, reconciliation and reassurance -- Reintegrative shaming in action -- The future for community justice in Jersey. | |
| 588 | _aDescription based on print version record. | ||
| 590 | _aElectronic reproduction. Palo Alto, Calif. : ebrary, 2013. Available via World Wide Web. Access may be limited to ebrary affiliated libraries. | ||
| 650 | 0 |
_aCriminology _zJersey. |
|
| 650 | 0 |
_aRestorative justice _zJersey. |
|
| 650 | 0 |
_aJustice, Administration of _zJersey. |
|
| 655 | 0 | _aElectronic books. | |
| 700 | 1 | _aRaynor, Peter. | |
| 776 | 0 | 8 |
_iPrint version: _aMiles, Helen. _tReintegrative justice in practice : the informal management of crime in an island community. _dFarnham, Surrey : Ashgate, [2014] _hxv, 227 pages _kWelfare and society _z9780754676850 _w(DLC)10802610 |
| 797 | 2 | _aebrary. | |
| 856 | 4 | 0 |
_uhttp://site.ebrary.com/lib/rucke/Doc?id=10802610 _zAn electronic book accessible through the World Wide Web; click to view |
| 999 |
_c144410 _d144410 |
||